Innovative building maintenance (Record no. 78484)
[ view plain ]
| 000 -LEADER | |
|---|---|
| fixed length control field | 00878cab a2200205 4500 |
| 001 - CONTROL NUMBER | |
| control field | L136891 |
| 008 - FIXED-LENGTH DATA ELEMENTS--GENERAL INFORMATION | |
| fixed length control field | 070228n2005 000 0 eng u |
| 035 ## - SYSTEM CONTROL NUMBER | |
| System control number | (Sirsi) u136891 |
| 041 0# - LANGUAGE CODE | |
| Language code of text/sound track or separate title | eng |
| 100 1# - MAIN ENTRY--PERSONAL NAME | |
| Personal name | Wood, Brian |
| 245 00 - TITLE STATEMENT | |
| Title | Innovative building maintenance |
| Medium | [electronic resource] |
| 260 ## - PUBLICATION, DISTRIBUTION, ETC. | |
| Place of publication, distribution, etc. | Brisbane |
| Name of publisher, distributor, etc. | Queensland University of Technology |
| Date of publication, distribution, etc. | 2005 |
| 490 #0 - SERIES STATEMENT | |
| Series statement | COBRA |
| Volume/sequential designation | 2005 |
| 520 ## - SUMMARY, ETC. | |
| Summary, etc. | Discusses building maintenance priorities in relation to user wants and needs. Stresses the maintenance and enhancement of peoples working and living environments and wellbeing, and the need to develop alternative approaches to building maintenance. |
| 590 ## - LOCAL NOTE (RLIN) | |
| Local note | KA |
| 651 #4 - SUBJECT ADDED ENTRY--GEOGRAPHIC NAME | |
| Geographic name | International |
| 690 ## - LOCAL SUBJECT ADDED ENTRY--TOPICAL TERM (OCLC, RLIN) | |
| Topical term or geographic name as entry element | Refurbishment |
| 9 (RLIN) | 6264 |
| 856 40 - ELECTRONIC LOCATION AND ACCESS | |
| Uniform Resource Identifier | <a href="https://www.rics.org/site/scripts/download_info.aspx?downloadID=2610">https://www.rics.org/site/scripts/download_info.aspx?downloadID=2610</a> |
| Public note | View the item free of charge at www.rics.org... |
| 942 ## - ADDED ENTRY ELEMENTS (KOHA) | |
| Suppress in OPAC | 0 |
| Withdrawn status | Lost status | Source of classification or shelving scheme | Damaged status | Not for loan | Home library | Current library | Shelving location | Date acquired | Total Checkouts | Full call number | Barcode | Date last seen | Copy number | Price effective from | Koha item type |
|---|---|---|---|---|---|---|---|---|---|---|---|---|---|---|---|
| Dewey Decimal Classification | Virtual | Virtual | Online | 28/02/2007 | ONLINE PUBLICATION | 136891-1001 | 06/08/2019 | 1 | 06/08/2019 | Journal article |